<?xml version="1.0" encoding="UTF-8"?>
<collection xmlns="http://www.loc.gov/MARC21/slim">
<record>
  <controlfield tag="001">117910</controlfield>
  <controlfield tag="005">20220725102151.0</controlfield>
  <datafield tag="037" ind1=" " ind2=" ">
    <subfield code="a">TAZ-TFG-2020-4179</subfield>
  </datafield>
  <datafield tag="041" ind1=" " ind2=" ">
    <subfield code="a">spa</subfield>
  </datafield>
  <datafield tag="100" ind1="1" ind2=" ">
    <subfield code="a">Calvo Ramos, Sergio</subfield>
  </datafield>
  <datafield tag="242" ind1="0" ind2="0">
    <subfield code="a">Economic Consequences of Brexit: before and after the EU</subfield>
  </datafield>
  <datafield tag="245" ind1="0" ind2="0">
    <subfield code="a">Consecuencias económicas del Brexit: el antes y el después de la UE</subfield>
  </datafield>
  <datafield tag="260" ind1=" " ind2=" ">
    <subfield code="a">Zaragoza</subfield>
    <subfield code="b">Universidad de Zaragoza</subfield>
    <subfield code="c">2020</subfield>
  </datafield>
  <datafield tag="506" ind1=" " ind2=" ">
    <subfield code="a">by-nc-sa</subfield>
    <subfield code="b">Creative Commons</subfield>
    <subfield code="c">3.0</subfield>
    <subfield code="u">http://creativecommons.org/licenses/by-nc-sa/3.0/</subfield>
  </datafield>
  <datafield tag="520" ind1=" " ind2=" ">
    <subfield code="a">Tras cuatro años desde que Reino Unido decidiese salir de Europa y varias&lt;br />negociaciones entre Reino Unido y la zona euro, la situación en el mundo es difícil.&lt;br />El año 2020 iba a ser un año de transición para poder llegar a un acuerdo y disminuir los&lt;br />fuertes shocks producidos por el brexit en ambas economías pero un virus ha producido&lt;br />una pandemia que ha paralizado las negociaciones y también al mundo.&lt;br />En este documento he intentado estudiar la influencia del brexit sobre la economía de&lt;br />Reino Unido y de la zona euro. Para ello, se ha analizado el comportamiento de ambas&lt;br />economías en dos periodos diferentes: el primer periodo abarca desde el estallido de la&lt;br />crisis de 2008 hasta el año 2015 mientras que el segundo abarca desde el año 2016 hasta&lt;br />el último año antes del estallido de la pandemia.&lt;br />El estudio refleja la superioridad de la economía británica con relación a la media de la&lt;br />zona euro en diversos agregados macroeconómicos antes del brexit, con excepción de la&lt;br />necesidad de financiación frente al exterior y el déficit público. El resultado de aquel 26&lt;br />de junio de 2016 cuando las elecciones de Reino Unido decidieron el destino de la UE&lt;br />no parece haber alterado sustancialmente la dinámica macroeconómica del país, que&lt;br />mejora su situación en términos de déficit y balanza de pagos desde entonces. En espera&lt;br />de un acuerdo que termina de formalizarse debido a la pandemia, el trabajo descarta un&lt;br />impacto negativo sobre la salida de la economía británica de la UE.&lt;br />&lt;br /></subfield>
  </datafield>
  <datafield tag="521" ind1=" " ind2=" ">
    <subfield code="a">Graduado en Economía</subfield>
  </datafield>
  <datafield tag="540" ind1=" " ind2=" ">
    <subfield code="a">Derechos regulados por licencia Creative Commons</subfield>
  </datafield>
  <datafield tag="700" ind1=" " ind2=" ">
    <subfield code="a">Barcenilla Visus, Sara María</subfield>
    <subfield code="e">dir.</subfield>
  </datafield>
  <datafield tag="710" ind1="2" ind2=" ">
    <subfield code="a">Universidad de Zaragoza</subfield>
    <subfield code="b">Estructura e Historia Económicas y Economía Pública</subfield>
    <subfield code="c">Economía Aplicada</subfield>
  </datafield>
  <datafield tag="856" ind1="0" ind2=" ">
    <subfield code="f">716206@unizar.es</subfield>
  </datafield>
  <datafield tag="856" ind1="4" ind2=" ">
    <subfield code="s">360225</subfield>
    <subfield code="u">http://zaguan.unizar.es/record/117910/files/TAZ-TFG-2020-4179.pdf</subfield>
    <subfield code="y">Memoria (spa)</subfield>
  </datafield>
  <datafield tag="909" ind1="C" ind2="O">
    <subfield code="o">oai:zaguan.unizar.es:117910</subfield>
    <subfield code="p">driver</subfield>
    <subfield code="p">trabajos-fin-grado</subfield>
  </datafield>
  <datafield tag="950" ind1=" " ind2=" ">
    <subfield code="a"></subfield>
  </datafield>
  <datafield tag="980" ind1=" " ind2=" ">
    <subfield code="a">TAZ</subfield>
    <subfield code="b">TFG</subfield>
    <subfield code="c">ECON</subfield>
  </datafield>
  <datafield tag="999" ind1=" " ind2=" ">
    <subfield code="a">20200930164450.CREATION_DATE</subfield>
  </datafield>
  <datafield tag="951" ind1=" " ind2=" ">
    <subfield code="a">deposita:2022-07-25</subfield>
  </datafield>
</record>
</collection>